[Event "Milan Crespi op-A 32nd"]
[Site "Milan"]
[Date "2011.12.03"]
[Round "1"]
[White "Salvador, Roland"]
[Black "Vinzoni, Andrea"]
[Result "1-0"]
[WhiteElo "2500"]
[BlackElo "2097"]
[PlyCount "45"]
[EventDate "2011.12.03"]
[EventType "swiss"]
[EventRounds "9"]
[EventCountry "ITA"]
[SourceTitle "CBM 145 Extra"]
[Source "ChessBase"]
[SourceDate "2012.01.03"]
[SourceVersion "1"]
[SourceVersionDate "2012.01.03"]
[SourceQuality "1"]

1. d4 d5 2. Nf3 Nf6 3. c4 e6 4. Nc3 Be7 5. e3 0-0 6. Qc2 dxc4 7. Bxc4 c5 8. 0-0 Nc6 9. Rd1 Qc7 10. dxc5 Bxc5 11. a3 a6 12. b4 Be7 13. Ba2 b5 14. Ne2 Bb7 15. Bb2 Rac8 16. Rac1 Qb8 17. Qb1 Rfd8 18. Nf4 Rxd1+ 19. Rxd1 Rd8 20. Rc1 Bd6 21. Nxe6 fxe6 22. Bxe6+ Kh8 23. Ng5 1-0

[Event "Paleochora op 3rd"]
[Site "Paleochora"]
[Date "2010.07.22"]
[Round "2"]
[White "Vinzoni, Andrea"]
[Black "Zubarev, Alexander2222"]
[Result "0-1"]
[WhiteElo "2105"]
[BlackElo "2562"]
[PlyCount "22"]
[EventDate "2010.07.22"]
[EventType "swiss"]
[EventRounds "9"]
[EventCountry "GRE"]
[SourceTitle "CBM 137 Extra"]
[Source "ChessBase"]
[SourceDate "2010.09.01"]
[SourceVersion "1"]
[SourceVersionDate "2010.09.01"]
[SourceQuality "1"]

1. d4 f5 2. g3 Nf6 3. Bg2 g6 4. Nf3 Bg7 5. 0-0 0-0 6. c4 d6 7. Nc3 c6 8. d5 Qe8 9. Qc2 Na6 10. a3 Bd7 11. b4 cxd5 0-1

[Event "Milan Crespi op-A 30th"]
[Site "Milan"]
[Date "2009.12.12"]
[Round "9"]
[White "Quaranta, Cristiano"]
[Black "Vinzoni, Andrea"]
[Result "0-1"]
[WhiteElo "2134"]
[BlackElo "2082"]
[PlyCount "84"]
[EventDate "2009.12.05"]
[EventType "swiss"]
[EventRounds "9"]
[EventCountry "ITA"]
[SourceTitle "EXT 2012"]
[Source "ChessBase"]
[SourceDate "2011.11.24"]
[SourceVersion "1"]
[SourceVersionDate "2011.11.24"]
[SourceQuality "1"]

1. d4 d5 2. c4 e6 3. Nf3 Nf6 4. g3 Be7 5. Bg2 0-0 6. 0-0 Nbd7 7. Qc2 c6 8. Nbd2 b6 9. e4 Ba6 10. e5 Ne8 11. Re1 c5 12. cxd5 exd5 13. b3 Rc8 14. Qf5 Nc7 15. Nf1 Ne6 16. Bb2 cxd4 17. Nxd4 Ndc5 18. Rad1 Bxf1 19. Kxf1 Qd7 20. Bh3 a5 21. Ba3 g6 22. Qb1 Ne4 23. Bb2 Nc3 24. Bxc3 Rxc3 25. Ne2 Rc7 26. Kg1 Bb4 27. Rf1 Qb5 28. Bxe6 fxe6 29. Nf4 Qd7 30. Nxg6 hxg6 31. Qxg6+ Qg7 32. Qxe6+ Qf7 33. Qxb6 Bc5 34. Qf6 Qh5 35. Qe6+ Kh8 36. Qxd5 Rh7 37. h4 Rg8 38. Qxc5 Qxh4 39. Kg2 Qe4+ 40. f3 Rxg3+ 41. Kxg3 Qh4+ 42. Kg2 Qh2# 0-1

[Event "Milan Crespi op-A 30th"]
[Site "Milan"]
[Date "2009.12.09"]
[Round "6"]
[White "Vinzoni, Andrea"]
[Black "Astengo, Corrado"]
[Result "1/2-1/2"]
[WhiteElo "2082"]
[BlackElo "2110"]
[PlyCount "30"]
[EventDate "2009.12.05"]
[EventType "swiss"]
[EventRounds "9"]
[EventCountry "ITA"]
[SourceTitle "EXT 2012"]
[Source "ChessBase"]
[SourceDate "2011.11.24"]
[SourceVersion "1"]
[SourceVersionDate "2011.11.24"]
[SourceQuality "1"]

1. d4 d5 2. c4 e6 3. Nc3 c6 4. e3 Nf6 5. Nf3 Nbd7 6. Bd3 dxc4 7. Bxc4 b5 8. Bd3 Bd6 9. 0-0 0-0 10. a3 e5 11. e4 a6 12. Bg5 exd4 13. Nxd4 Ne5 14. Be2 h6 15. Bh4 Be7 1/2-1/2

[Event "Milan Crespi op-A 30th"]
[Site "Milan"]
[Date "2009.12.07"]
[Round "4"]
[White "Calella, Sergio"]
[Black "Vinzoni, Andrea"]
[Result "0-1"]
[WhiteElo "2080"]
[BlackElo "2082"]
[PlyCount "136"]
[EventDate "2009.12.05"]
[EventType "swiss"]
[EventRounds "9"]
[EventCountry "ITA"]
[SourceTitle "EXT 2012"]
[Source "ChessBase"]
[SourceDate "2011.11.24"]
[SourceVersion "1"]
[SourceVersionDate "2011.11.24"]
[SourceQuality "1"]

1. e4 e6 2. d4 d5 3. Nc3 Nf6 4. Bg5 dxe4 5. Bxf6 gxf6 6. Nxe4 Nd7 7. d5 f5 8. Qd4 f6 9. dxe6 fxe4 10. exd7+ Qxd7 11. Qxe4+ Qe6 12. Bd3 Bc5 13. Nf3 Bd7 14. 0-0 0-0-0 15. Qxe6 Bxe6 16. Rfe1 Bg4 17. Nh4 Bd4 18. h3 Bd7 19. c3 Bc5 20. b4 Bd6 21. Nf3 h6 22. Re2 Rhg8 23. Kf1 Bc6 24. Nh4 Kb8 25. b5 Bd7 26. c4 Bc5 27. Bf5 Be8 28. Be6 Rg5 29. Nf5 Bg6 30. g4 Bxf5 31. Bxf5 Rgg8 32. Re6 Bb4 33. Rb1 Bc3 34. f4 Rge8 35. Rxe8 Rxe8 36. Rd1 a6 37. a4 axb5 38. axb5 Ka7 39. Rd7 Kb6 40. Rh7 Bd2 41. Rxh6 Bxf4 42. Rxf6+ Bd6 43. Kf2 Kc5 44. Be6 Kd4 45. Bd5 Ra8 46. g5 Ke5 47. Kf3 Ra1 48. Re6+ Kf5 49. h4 Ra3+ 50. Ke2 Ra2+ 51. Kd3 Ra3+ 52. Kc2 Rg3 53. Rh6 b6 54. Be6+ Ke4 55. Rf6 Rg2+ 56. Kd1 Kd3 57. Rf1 Bg3 58. h5 Bf4 59. Rf3+ Be3 60. Bf5+ Kd4 61. g6 Rg1+ 62. Kc2 Bh6 63. Be6 Rg2+ 64. Kb3 Bc1 65. c5 bxc5 66. Rh3 c4+ 67. Ka4 Ra2+ 68. Kb4 Bd2+ 0-1

[Event "Corsico op-A 41st"]
[Site "Corsico"]
[Date "2009.10.04"]
[Round "4"]
[White "Cazzaniga, Walter"]
[Black "Vinzoni, Andrea"]
[Result "1-0"]
[WhiteElo "2137"]
[BlackElo "2079"]
[PlyCount "75"]
[EventDate "2009.10.02"]
[EventType "swiss"]
[EventRounds "5"]
[EventCountry "ITA"]
[SourceTitle "EXT 2012"]
[Source "ChessBase"]
[SourceDate "2011.11.24"]
[SourceVersion "1"]
[SourceVersionDate "2011.11.24"]
[SourceQuality "1"]

1. d4 d5 2. c4 e6 3. Nc3 Nf6 4. Bg5 Be7 5. e3 h6 6. Bh4 0-0 7. Nf3 Ne4 8. Bxe7 Qxe7 9. Qc2 Nxc3 10. Qxc3 dxc4 11. Bxc4 c5 12. dxc5 Qxc5 13. b4 Qe7 14. 0-0 b6 15. Rac1 Bb7 16. Be2 Nc6 17. b5 Nb4 18. Qb2 Rac8 19. Ne5 Qg5 20. g3 Qf6 21. f4 Nd5 22. Qb3 Qf5 23. Bf3 Qh7 24. Nc6 Bxc6 25. bxc6 Qg6 26. Rfd1 Nc7 27. Rd7 h5 28. Kg2 h4 29. g4 Nd5 30. h3 Rfd8 31. Bxd5 exd5 32. Qxd5 Re8 33. c7 Qf6 34. Rc2 g6 35. Kf3 Kg7 36. Rc6 Rxe3+ 37. Kxe3 Re8+ 38. Kf3 1-0

[Event "Corsico op-A 41st"]
[Site "Corsico"]
[Date "2009.10.04"]
[Round "5"]
[White "Vinzoni, Andrea"]
[Black "Astengo, Corrado"]
[Result "1/2-1/2"]
[WhiteElo "2079"]
[BlackElo "2127"]
[PlyCount "29"]
[EventDate "2009.10.02"]
[EventType "swiss"]
[EventRounds "5"]
[EventCountry "ITA"]
[SourceTitle "EXT 2012"]
[Source "ChessBase"]
[SourceDate "2011.11.24"]
[SourceVersion "1"]
[SourceVersionDate "2011.11.24"]
[SourceQuality "1"]

1. d4 d5 2. c4 e6 3. Nc3 c6 4. e3 Nf6 5. Nf3 Nbd7 6. Bd3 dxc4 7. Bxc4 b5 8. Bd3 Bb7 9. 0-0 a6 10. e4 b4 11. Na4 c5 12. e5 Nd5 13. Re1 cxd4 14. Nxd4 Be7 15. Qg4 1/2-1/2

[Event "Bratto op-A 28th"]
[Site "Bratto"]
[Date "2008.08.25"]
[Round "4"]
[White "Vinzoni, Andrea"]
[Black "Leburgue, Sylvain"]
[Result "1/2-1/2"]
[WhiteElo "2062"]
[BlackElo "2168"]
[PlyCount "93"]
[EventDate "2008.08.22"]
[EventType "swiss"]
[EventRounds "9"]
[EventCountry "ITA"]
[SourceTitle "CBM 126 Extra"]
[Source "ChessBase"]
[SourceDate "2008.11.05"]
[SourceVersion "1"]
[SourceVersionDate "2008.11.05"]
[SourceQuality "1"]

1. d4 d5 2. c4 c6 3. Nf3 Nf6 4. Nc3 e6 5. e3 Nbd7 6. Bd3 dxc4 7. Bxc4 b5 8. Bd3 Bd6 9. 0-0 0-0 10. e4 e5 11. Bg5 exd4 12. Nxd4 Ne5 13. Bc2 Re8 14. Nf5 Bxf5 15. exf5 Be7 16. Bxf6 Bxf6 17. Ne4 Nc4 18. Qxd8 Raxd8 19. Nxf6+ gxf6 20. b3 Na3 21. Bd1 Rd2 22. Bf3 c5 23. Rfd1 Red8 24. Kf1 c4 25. bxc4 bxc4 26. Rxd2 Rxd2 27. Rc1 Rxa2 28. Bd5 Rd2 29. Bxc4 Rc2 30. Rxc2 Nxc2 31. g4 Nd4 32. f4 Kf8 33. Kf2 Ke7 34. Ke3 Nc6 35. h4 a5 36. Bb3 Nb4 37. g5 Nc6 38. Ke4 Nb8 39. h5 Nd7 40. Kd4 Nb6 41. g6 fxg6 42. fxg6 hxg6 43. hxg6 Kf8 44. Kc5 Nc8 45. Be6 Ne7 46. f5 Kg7 47. Kb5 1/2-1/2

[Event "Bratto op-A 28th"]
[Site "Bratto"]
[Date "2008.08.24"]
[Round "3"]
[White "De Haan, Eric"]
[Black "Vinzoni, Andrea"]
[Result "1-0"]
[WhiteElo "2356"]
[BlackElo "2062"]
[PlyCount "47"]
[EventDate "2008.08.22"]
[EventType "swiss"]
[EventRounds "9"]
[EventCountry "ITA"]
[SourceTitle "CBM 126 Extra"]
[Source "ChessBase"]
[SourceDate "2008.11.05"]
[SourceVersion "1"]
[SourceVersionDate "2008.11.05"]
[SourceQuality "1"]

1. d4 d5 2. c4 e6 3. Nc3 Nf6 4. Bg5 Be7 5. Nf3 0-0 6. e3 h6 7. Bxf6 Bxf6 8. Qc2 c5 9. dxc5 dxc4 10. Bxc4 Qa5 11. 0-0 Bxc3 12. bxc3 Qxc5 13. Bb3 Nc6 14. Rfd1 e5 15. h3 Re8 16. Rab1 Rb8 17. Rd5 Qe7 18. Ba4 Qc7 19. Rbd1 e4 20. Nd4 a6 21. Nxc6 bxc6 22. Rd6 Rb6 23. c4 Bb7 24. c5 1-0

[Event "Milan Crespi op-A 28th"]
[Site "Milan"]
[Date "2007.12.08"]
[Round "6"]
[White "Bozzali, Ermanno"]
[Black "Vinzoni, Andrea"]
[Result "1/2-1/2"]
[WhiteElo "2136"]
[BlackElo "2073"]
[PlyCount "62"]
[EventDate "2007.12.05"]
[EventType "swiss"]
[EventRounds "7"]
[EventCountry "ITA"]
[SourceTitle "EXT 2009"]
[Source "ChessBase"]
[SourceDate "2008.11.26"]
[SourceVersion "1"]
[SourceVersionDate "2008.11.26"]
[SourceQuality "1"]

1. d4 d5 2. Nf3 Nf6 3. c4 e6 4. cxd5 exd5 5. Nc3 c6 6. Bg5 Be7 7. e3 Bf5 8. Qb3 Qb6 9. Be2 Nbd7 10. 0-0 0-0 11. h3 Bd6 12. g4 Bg6 13. Bf4 Qc7 14. Bxd6 Qxd6 15. Nh4 Nb6 16. Nxg6 hxg6 17. Bd3 Rfe8 18. a4 Rxe3 19. fxe3 Qg3+ 20. Kh1 Qxh3+ 21. Kg1 Qg3+ 22. Kh1 Qh3+ 23. Kg1 Qxe3+ 24. Rf2 Qxd3 25. a5 Nc4 26. Qxb7 Re8 27. Qxc6 Qg3+ 28. Rg2 Re1+ 29. Rxe1 Qxe1+ 30. Kh2 Qh4+ 31. Kg1 Qe1+ 1/2-1/2

[Event "Milan Crespi op-A 28th"]
[Site "Milan"]
[Date "2007.12.08"]
[Round "5"]
[White "Vinzoni, Andrea"]
[Black "Rettore, Ludwig"]
[Result "1-0"]
[WhiteElo "2073"]
[BlackElo "2177"]
[PlyCount "77"]
[EventDate "2007.12.05"]
[EventType "swiss"]
[EventRounds "7"]
[EventCountry "ITA"]
[SourceTitle "EXT 2009"]
[Source "ChessBase"]
[SourceDate "2008.11.26"]
[SourceVersion "1"]
[SourceVersionDate "2008.11.26"]
[SourceQuality "1"]

1. d4 d5 2. c4 e6 3. Nc3 Nf6 4. Bg5 Be7 5. e3 0-0 6. Nf3 h6 7. Bh4 b6 8. cxd5 exd5 9. Bd3 Be6 10. Ne5 Nfd7 11. Bxe7 Qxe7 12. 0-0 Nxe5 13. dxe5 Nd7 14. f4 f5 15. Bb5 Nb8 16. Nxd5 Qc5 17. Nc3 Qxe3+ 18. Kh1 a6 19. Ba4 Kh8 20. Rc1 b5 21. Bb3 Bxb3 22. axb3 c6 23. Qd6 Re8 24. Rce1 Qa7 25. Qg6 Nd7 26. Qxf5 Nc5 27. Ne4 Rf8 28. Qg6 Nd3 29. Nf6 gxf6 30. Qxd3 f5 31. e6 Qg7 32. e7 Rg8 33. g3 Rae8 34. Qd6 Kh7 35. Re5 Qg6 36. Re6 Qh5 37. Kg2 Rg6 38. Rfe1 Reg8 39. Rxg6 1-0

[Event "Milan Crespi op-A 28th"]
[Site "Milan"]
[Date "2007.12.07"]
[Round "4"]
[White "Astengo, Corrado"]
[Black "Vinzoni, Andrea"]
[Result "1/2-1/2"]
[WhiteElo "2122"]
[BlackElo "2073"]
[PlyCount "23"]
[EventDate "2007.12.05"]
[EventType "swiss"]
[EventRounds "7"]
[EventCountry "ITA"]
[SourceTitle "EXT 2009"]
[Source "ChessBase"]
[SourceDate "2008.11.26"]
[SourceVersion "1"]
[SourceVersionDate "2008.11.26"]
[SourceQuality "1"]

1. e4 e6 2. d3 d5 3. Nd2 Nf6 4. Ngf3 Nc6 5. e5 Nd7 6. d4 f6 7. exf6 Nxf6 8. c3 Bd6 9. Bd3 0-0 10. 0-0 e5 11. dxe5 Nxe5 12. Nxe5 1/2-1/2

[Event "Bratto op 26th"]
[Site "Bratto"]
[Date "2006.08.22"]
[Round "4"]
[White "Vinzoni, Andrea"]
[Black "Buratti, Marco"]
[Result "0-1"]
[WhiteElo "2116"]
[BlackElo "2018"]
[PlyCount "88"]
[EventDate "2006.08.19"]
[EventType "swiss"]
[EventRounds "9"]
[EventCountry "ITA"]
[SourceTitle "CBM 113 Extra"]
[Source "ChessBase"]
[SourceDate "2006.09.14"]
[SourceVersion "1"]
[SourceVersionDate "2006.09.14"]
[SourceQuality "1"]

1. d4 d5 2. c4 e5 3. dxe5 d4 4. Nf3 Nc6 5. a3 Bg4 6. e3 Nxe5 7. Qxd4 Nxf3+ 8. gxf3 Bxf3 9. Rg1 Qxd4 10. exd4 0-0-0 11. Bh3+ Kb8 12. Be3 g6 13. Nd2 Bh5 14. b4 Bg7 15. Nb3 Ne7 16. b5 Rhe8 17. Kf1 c5 18. Bf4+ Ka8 19. Bc7 Be2+ 20. Kg2 Bxc4 21. Bxd8 Rxd8 22. Rae1 Nd5 23. Nxc5 Nf4+ 24. Kg3 Ne2+ 25. Rxe2 Bxe2 26. Bg2 Rxd4 27. Re1 Be5+ 28. f4 Bxf4+ 29. Kf2 Bxb5 30. Bxb7+ Kb8 31. Rb1 Bd6 32. Rxb5 Bxc5 33. Bd5+ Bb6 34. Kg2 f5 35. Bg8 Rd2+ 36. Kh1 f4 37. Rb3 h6 38. a4 Kc7 39. Rc3+ Kd6 40. h4 g5 41. hxg5 hxg5 42. Bc4 Ke5 43. Rd3 Rxd3 44. Bxd3 f3 0-1

[Event "Brianza-ch"]
[Site "Monza"]
[Date "2006.02.23"]
[Round "5"]
[White "Vinzoni, Andrea"]
[Black "Riboldi, Raffaele"]
[Result "1-0"]
[WhiteElo "2116"]
[BlackElo "1920"]
[PlyCount "59"]
[EventDate "2006.02.01"]
[EventType "swiss"]
[EventRounds "9"]
[EventCountry "ITA"]
[SourceTitle "EXT 2007"]
[Source "ChessBase"]
[SourceDate "2006.11.23"]
[SourceVersion "1"]
[SourceVersionDate "2006.11.23"]
[SourceQuality "1"]

1. d4 Nf6 2. c4 e6 3. Nc3 Bb4 4. e3 c5 5. Bd3 Bxc3+ 6. bxc3 Nc6 7. Nf3 d6 8. 0-0 e5 9. e4 h6 10. d5 Na5 11. Ne1 0-0 12. f4 Qe7 13. f5 Ne8 14. Qh5 Kh7 15. g4 f6 16. Rf3 Qf7 17. Qh4 g5 18. fxg6+ Qxg6 19. Rg3 Rg8 20. Ng2 Ng7 21. Bd2 Bd7 22. Kh1 Raf8 23. Rg1 Rf7 24. Rh3 h5 25. Be2 Bxg4 26. Bxg4 Qxe4 27. Bxh5 Qxh4 28. Rxh4 Nxh5 29. Rxh5+ Kg6 30. Nf4# 1-0

[Event "Brianza-ch"]
[Site "Monza"]
[Date "2006.02.09"]
[Round "3"]
[White "Brigati, Alessandro"]
[Black "Vinzoni, Andrea"]
[Result "1/2-1/2"]
[WhiteElo "2037"]
[BlackElo "2116"]
[PlyCount "76"]
[EventDate "2006.02.01"]
[EventType "swiss"]
[EventRounds "9"]
[EventCountry "ITA"]
[SourceTitle "EXT 2007"]
[Source "ChessBase"]
[SourceDate "2006.11.23"]
[SourceVersion "1"]
[SourceVersionDate "2006.11.23"]
[SourceQuality "1"]

1. d4 d5 2. c4 e6 3. Nc3 Nf6 4. cxd5 exd5 5. Bg5 Nbd7 6. e3 Be7 7. Bd3 0-0 8. Nge2 Re8 9. 0-0 Nf8 10. f3 Ne6 11. Bh4 c5 12. Qc2 cxd4 13. exd4 g6 14. Rac1 Bd7 15. Qb3 Bc6 16. Rfe1 Nh5 17. Bxe7 Rxe7 18. g3 Ng5 19. Kf2 Qd7 20. h4 Qh3 21. Rh1 Rxe2+ 22. Nxe2 Qe6 23. hxg5 Re8 24. Bb5 Bxb5 25. Qxb5 Qe3+ 26. Kg2 a6 27. Qxe8+ Qxe8 28. Kf2 Qd8 29. f4 Qd7 30. Rc2 Ng7 31. Rhc1 Nf5 32. Rc7 Qe6 33. R1c3 Qe4 34. g4 Nd6 35. Rd7 Qe6 36. Rcc7 Ne4+ 37. Kf3 Nd2+ 38. Kf2 Ne4+ 1/2-1/2

[Event "Bratto op 25th"]
[Site "Bratto"]
[Date "2005.08.25"]
[Round "6"]
[White "Vinzoni, Andrea"]
[Black "Femiano, Andrea"]
[Result "1/2-1/2"]
[WhiteElo "2108"]
[BlackElo "2177"]
[PlyCount "63"]
[EventDate "2005.08.20"]
[EventType "swiss"]
[EventRounds "9"]
[EventCountry "ITA"]
[SourceTitle "CBM 108 Extra"]
[Source "ChessBase"]
[SourceDate "2005.11.04"]
[SourceVersion "1"]
[SourceVersionDate "2005.11.04"]
[SourceQuality "1"]

1. d4 c5 2. d5 e5 3. e4 d6 4. Nc3 g6 5. f4 exf4 6. Bxf4 Bh6 7. Qd2 Qh4+ 8. g3 Bxf4 9. Qxf4 Qf6 10. Bh3 Qxf4 11. gxf4 Bxh3 12. Nxh3 Nd7 13. 0-0 a6 14. Ng5 Nh6 15. Rfe1 f6 16. Ne6 Ke7 17. a4 Nf7 18. a5 Rag8 19. Na4 g5 20. f5 Nfe5 21. Re3 Nc4 22. Rh3 h5 23. Nb6 Nxa5 24. Nxd7 Kxd7 25. e5 fxe5 26. f6 Ke8 27. f7+ Kxf7 28. Rf3+ Ke7 29. Raf1 Rh7 30. Nf8 Rhg7 31. Ne6 Rh7 32. Nf8 1/2-1/2

[Event "Bratto op 25th"]
[Site "Bratto"]
[Date "2005.08.24"]
[Round "5"]
[White "Di Donato, Giovanni"]
[Black "Vinzoni, Andrea"]
[Result "0-1"]
[WhiteElo "1999"]
[BlackElo "2108"]
[PlyCount "104"]
[EventDate "2005.08.20"]
[EventType "swiss"]
[EventRounds "9"]
[EventCountry "ITA"]
[SourceTitle "CBM 108 Extra"]
[Source "ChessBase"]
[SourceDate "2005.11.04"]
[SourceVersion "1"]
[SourceVersionDate "2005.11.04"]
[SourceQuality "1"]

1. e4 e6 2. d4 d5 3. e5 c5 4. c3 Nc6 5. Nf3 Qb6 6. a3 Nh6 7. b4 cxb4 8. cxb4 Nf5 9. Bb2 Bd7 10. g4 Nfe7 11. Nc3 Ng6 12. Bc1 Rc8 13. Na4 Qd8 14. h4 Be7 15. g5 Bf8 16. Bd3 Nge7 17. Nc5 Qc7 18. Bf4 g6 19. h5 gxh5 20. Rxh5 Ng6 21. Be3 Bg7 22. Rc1 Qb8 23. Ke2 Ncxe5 24. dxe5 d4 25. Bd2 Bc6 26. Ne4 Bxe5 27. b5 Bxe4 28. Rxc8+ Qxc8 29. Bxe4 Qc4+ 30. Bd3 Qd5 31. Bxg6 fxg6 32. Rh3 Qxb5+ 33. Ke1 Bg7 34. Qe2 Qb1+ 35. Qd1 Qe4+ 36. Qe2 Qb1+ 37. Qd1 Qf5 38. Rg3 0-0 39. Qe2 e5 40. Nh4 Qb1+ 41. Qd1 Qe4+ 42. Qe2 Qh1+ 43. Qf1 Qxh4 44. Qc4+ Kh8 45. Bb4 Qe4+ 46. Kf1 Re8 47. Qf7 Qc6 48. Rf3 Rc8 49. Kg1 e4 50. Rf6 Qc1+ 51. Kh2 Qxg5 52. Qxb7 Qh4+ 0-1

[Event "Bratto op 24th"]
[Site "Bratto"]
[Date "2004.08.24"]
[Round "5"]
[White "Vinzoni, Andrea"]
[Black "Antognini, Francesco"]
[Result "0-1"]
[WhiteElo "2090"]
[BlackElo "2193"]
[PlyCount "60"]
[EventDate "2004.08.20"]
[EventType "swiss"]
[EventRounds "9"]
[EventCountry "ITA"]
[SourceTitle "CBM 101 Extra"]
[Source "ChessBase"]
[SourceDate "2004.09.01"]
[SourceVersion "2"]
[SourceVersionDate "2004.09.01"]
[SourceQuality "1"]

1. d4 e6 2. c4 Nf6 3. Nc3 Bb4 4. e3 c5 5. Bd3 Nc6 6. Nf3 Bxc3+ 7. bxc3 d6 8. 0-0 e5 9. Ng5 0-0 10. f4 exd4 11. cxd4 cxd4 12. exd4 h6 13. d5 Ne7 14. Nf3 Nf5 15. Rb1 Qa5 16. Qd2 Qc5+ 17. Kh1 Re8 18. Rb5 Qc7 19. Bb2 Ne4 20. Bxe4 Rxe4 21. Rb4 a5 22. Rb3 Bd7 23. c5 Qxc5 24. Rc1 Rc4 25. Rxb7 Bb5 26. Rxc4 Bxc4 27. Nd4 Qxd5 28. Rb6 Re8 29. Kg1 Nxd4 30. Qxd4 Re1+ 0-1

[Event "Bratto op 24th"]
[Site "Bratto"]
[Date "2004.08.20"]
[Round "1"]
[White "Gromovs, Sergejs"]
[Black "Vinzoni, Andrea"]
[Result "1-0"]
[WhiteElo "2341"]
[BlackElo "2090"]
[PlyCount "87"]
[EventDate "2004.08.20"]
[EventType "swiss"]
[EventRounds "9"]
[EventCountry "ITA"]
[SourceTitle "CBM 101 Extra"]
[Source "ChessBase"]
[SourceDate "2004.09.01"]
[SourceVersion "2"]
[SourceVersionDate "2004.09.01"]
[SourceQuality "1"]

1. d4 d5 2. Nf3 Nf6 3. c4 e6 4. Nc3 Nbd7 5. Qc2 Be7 6. Bf4 c6 7. e3 0-0 8. a3 Re8 9. Bd3 dxc4 10. Bxc4 b5 11. Ba2 Bb7 12. 0-0 a6 13. Rfd1 Qb6 14. Ng5 Nf8 15. b4 a5 16. Rab1 axb4 17. axb4 Nd5 18. Nxd5 cxd5 19. Qe2 Rec8 20. Rb2 f6 21. Nf3 Bc6 22. Ne1 Be8 23. Nd3 Ra3 24. Nc5 Rca8 25. Bb3 Kh8 26. h3 Qa7 27. Kh2 Ra1 28. Rdd2 Bxc5 29. bxc5 Qa5 30. Bd6 Ng6 31. Ra2 Qd8 32. Rxa1 Rxa1 33. Ra2 Rxa2 34. Qxa2 Bc6 35. Qa7 Kg8 36. e4 Qa8 37. Qb6 Nf8 38. exd5 exd5 39. Bc2 Ne6 40. Bb8 Qb7 41. Bd6 Nxd4 42. Qd8+ Kf7 43. Bxh7 Ke6 44. g4 1-0

[Event "IECG CB.2003.0.00076 email"]
[Site "IECG email"]
[Date "2003.04.12"]
[Round "1"]
[White "Case, Rick"]
[Black "Vinzoni, Andrea"]
[Result "1-0"]
[WhiteElo "1922"]
[BlackElo "1800"]
[PlyCount "75"]
[EventDate "2003.04.12"]
[EventType "tourn (corr)"]
[EventRounds "6"]
[SourceTitle "Corr 2008"]
[Source "ChessBase"]
[SourceDate "2008.06.24"]
[SourceVersion "1"]
[SourceVersionDate "2008.06.24"]
[SourceQuality "1"]

1. d4 Nf6 2. c4 g6 3. Nc3 Bg7 4. e4 d6 5. f4 0-0 6. Nf3 c5 7. d5 e6 8. Be2 exd5 9. cxd5 b5 10. e5 dxe5 11. fxe5 Ng4 12. Bg5 f6 13. exf6 Bxf6 14. Qd2 Bf5 15. 0-0 b4 16. Nd1 Nd7 17. Nf2 Nxf2 18. Rxf2 Bg4 19. d6 Bxg5 20. Nxg5 Rxf2 21. Qd5+ Kh8 22. Bxg4 Rf8 23. Rd1 Qf6 24. Ne4 Qf7 25. Bxd7 Qxd7 26. Nxc5 Qf5 27. Qd4+ Qf6 28. Qxf6+ Rxf6 29. d7 Rd8 30. Nb7 Rff8 31. Nxd8 Rxd8 32. Kf2 Kg7 33. Ke3 Kf7 34. Rd4 Ke6 35. Kd3 a5 36. Kc4 Ke7 37. Kb5 Rb8+ 38. Kc6 1-0

[Event "IECG CB.2003.0.00076 email"]
[Site "IECG email"]
[Date "2003.04.12"]
[Round "1"]
[White "Depalma, Angelo"]
[Black "Vinzoni, Andrea"]
[Result "1-0"]
[WhiteElo "1924"]
[BlackElo "1800"]
[PlyCount "33"]
[EventDate "2003.04.12"]
[EventType "tourn (corr)"]
[EventRounds "6"]
[SourceTitle "Corr 2008"]
[Source "ChessBase"]
[SourceDate "2008.06.24"]
[SourceVersion "1"]
[SourceVersionDate "2008.06.24"]
[SourceQuality "1"]

1. e4 c6 2. c4 d5 3. exd5 cxd5 4. cxd5 Nf6 5. Nc3 Nxd5 6. Bc4 e6 7. Nf3 Nc6 8. d4 Be7 9. 0-0 0-0 10. a3 a6 11. Bd3 b5 12. Qc2 Nxc3 13. Bxh7+ Kh8 14. Qxc3 Nxd4 15. Nxd4 Kxh7 16. Nc6 Qc7 17. Qd3+ 1-0

[Event "Milan Crespi op 21st"]
[Site "Milan"]
[Date "2000.12.05"]
[Round "4"]
[White "Gravagna, Pierre"]
[Black "Vinzoni, Andrea"]
[Result "0-1"]
[WhiteElo "2028"]
[BlackElo "2114"]
[PlyCount "78"]
[EventDate "2000.12.04"]
[EventType "swiss"]
[EventRounds "5"]
[EventCountry "ITA"]
[SourceTitle "CBM 079 Extra"]
[Source "ChessBase"]
[SourceDate "2001.01.11"]
[SourceVersion "2"]
[SourceVersionDate "2001.01.25"]
[SourceQuality "1"]

1. d4 d5 2. Nf3 Nf6 3. c4 e6 4. Nc3 Nbd7 5. cxd5 exd5 6. Bg5 Be7 7. e3 0-0 8. Bd3 c6 9. Qc2 Re8 10. 0-0 Nf8 11. Rab1 Bg4 12. Ne5 Bh5 13. b4 a6 14. a4 N6d7 15. Bxe7 Qxe7 16. Nxd7 Qxd7 17. b5 axb5 18. axb5 Ng6 19. bxc6 bxc6 20. Rb6 Nh4 21. Be2 Bg6 22. Qb3 Rac8 23. Rd1 h5 24. Na4 Qf5 25. Nc5 Qg5 26. Bf1 Bf5 27. Kh1 Bg4 28. f4 Qe7 29. Re1 Nf5 30. Rb7 Qh4 31. Qc3 Ra8 32. Rb2 Ra3 33. Nb3 Ra7 34. Rbb1 Rae7 35. Qxc6 Nxe3 36. Bd3 Qf2 37. Rg1 Bf3 38. Bf1 Nxf1 39. Rbxf1 Bxg2+ 0-1

[Event "Milan Crespi op 21st"]
[Site "Milan"]
[Date "2000.12.03"]
[Round "1"]
[White "Vinzoni, Andrea"]
[Black "Laketic, Gojko"]
[Result "1/2-1/2"]
[WhiteElo "2114"]
[BlackElo "2483"]
[PlyCount "92"]
[EventDate "2000.12.04"]
[EventType "swiss"]
[EventRounds "5"]
[EventCountry "ITA"]
[SourceTitle "CBM 079 Extra"]
[Source "ChessBase"]
[SourceDate "2001.01.11"]
[SourceVersion "2"]
[SourceVersionDate "2001.01.25"]
[SourceQuality "1"]

1. d4 d5 2. c4 c6 3. Nf3 Nf6 4. Nc3 Qb6 5. e3 Bf5 6. Bd3 Bxd3 7. Qxd3 e6 8. 0-0 Qa6 9. b3 Bb4 10. Bb2 Nbd7 11. Ne5 Nxe5 12. dxe5 dxc4 13. Qxc4 Qxc4 14. bxc4 Bxc3 15. Bxc3 Ne4 16. Bb4 c5 17. Ba5 b6 18. f3 bxa5 19. fxe4 Rb8 20. Rfd1 Rb4 21. Rab1 Ke7 22. a3 Rb6 23. Rxb6 axb6 24. Rb1 Rb8 25. a4 f6 26. Kf2 fxe5 27. Ke2 g5 28. h3 h5 29. g3 Rb7 30. Rd1 Rc7 31. Rb1 Rc6 32. Rd1 Rc8 33. Rb1 Rb8 34. Rd1 Rg8 35. Rb1 Rb8 36. Rd1 Rf8 37. Rf1 Rh8 38. Rb1 Kd7 39. Rd1+ Kc7 40. Rb1 Rh7 41. Rd1 Kb7 42. Rb1 Rg7 43. Rd1 g4 44. h4 Rf7 45. Rf1 Rxf1 46. Kxf1 Kc6 1/2-1/2